[Event "PPN 2025"]
[Site "?"]
[Date "2025.10.20"]
[Round "1"]
[White "Pojedziniec, Wladyslaw"]
[Black "Przysiecki, Kajetan"]
[Result "1/2-1/2"]
[WhiteElo "1945"]
[BlackElo "1719"]
[PlyCount "33"]
[SourceVersionDate "2025.10.20"]

1. d4 d5 2. c4 e6 3. Nc3 Nf6 4. Nf3 Nbd7 5. e3 Be7 6. Bd3 b6 7. O-O Bb7 8. b3 O-O 9. Bb2 Re8 10. Qe2 Ne4 11. Ne5 Ndf6 12. f3 Nxc3 13. Bxc3 c5 14. Rad1 Qc7 15. Bb2 cxd4 16. exd4 Rac8 17. Rc1 1/2-1/2

[Event "PPN 2025"]
[Site "?"]
[Date "2025.10.20"]
[Round "1"]
[White "Mannke, Manfred"]
[Black "Szydlowski, Wiktor"]
[Result "1-0"]
[WhiteElo "2064"]
[BlackElo "1745"]
[PlyCount "75"]
[SourceVersionDate "2025.10.20"]

1. d4 d5 2. c4 e6 3. Nc3 Nf6 4. Bg5 Be7 5. e3 c5 6. dxc5 Qa5 7. Qa4+ Qxa4 8. Nxa4 Bd7 9. Nc3 dxc4 10. Bxc4 Bxc5 11. Nb5 Bxb5 12. Bxb5+ Ke7 13. Rc1 Bb6 14. Nf3 h6 15. Bh4 g5 16. Bg3 Nbd7 17. Ne5 Rac8 18. Ke2 Rxc1 19. Rxc1 Nxe5 20. Bxe5 Rd8 21. Bc7 Rd5 22. a4 Rc5 23. Rxc5 Bxc5 24. b3 Nd5 25. Be5 f6 26. Bb2 Bb4 27. Kd3 a6 28. Bc4 Nb6 29. g4 e5 30. Bg8 Be1 31. Ba3+ Ke8 32. f3 a5 33. Ke4 Bb4 34. Bxb4 axb4 35. Bd5 Nc8 36. Kf5 Ke7 37. Kg6 Nb6 38. Bxb7 1-0

[Event "PPN 2025"]
[Site "?"]
[Date "2025.10.20"]
[Round "1"]
[White "Dus, Leszek"]
[Black "Jasnikowski, Zbigniew"]
[Result "0-1"]
[WhiteElo "1755"]
[BlackElo "2227"]
[PlyCount "96"]
[SourceVersionDate "2025.10.20"]

1. d4 Nf6 2. Nf3 g6 3. Bg5 Bg7 4. c3 d5 5. h3 Ne4 6. Bf4 c5 7. e3 Nc6 8. Nbd2 O-O 9. Bb5 Qb6 10. Bxc6 bxc6 11. Qb3 Nxd2 12. Kxd2 cxd4 13. cxd4 c5 14. Qxb6 axb6 15. Rhc1 Bf5 16. Be5 f6 17. Bc7 c4 18. a4 Ra6 19. a5 bxa5 20. Rxa5 Rxa5 21. Bxa5 Ra8 22. Bc3 g5 23. Ne1 h5 24. Nc2 g4 25. hxg4 hxg4 26. Nb4 Be4 27. Rg1 Kf7 28. Nc2 Rh8 29. Ne1 Rh2 30. Kd1 Bh6 31. Bd2 e5 32. Bc3 Ke6 33. Bd2 exd4 34. exd4 Bxd2 35. Kxd2 Rh8 36. f3 gxf3 37. gxf3 Bf5 38. Kc3 Rb8 39. b4 cxb3 40. Kb2 Rb4 41. Rg2 Rxd4 42. Kxb3 Rc4 43. Re2+ Kd6 44. Ng2 Rc8 45. Nf4 d4 46. Rd2 Rc3+ 47. Kb4 Rxf3 48. Ne2 Rf2 0-1

[Event "PPN 2025"]
[Site "?"]
[Date "2025.10.20"]
[Round "1"]
[White "Rajtar, Jaroslaw"]
[Black "Mierzynski, Jaroslaw"]
[Result "1-0"]
[WhiteElo "1726"]
[BlackElo "1971"]
[PlyCount "77"]
[EventDate "2025.??.??"]
[SourceVersionDate "2025.10.20"]

1. d4 d5 2. Nf3 c6 3. c4 e6 4. Nc3 f5 5. g3 Nf6 6. Bg2 Be7 7. O-O O-O 8. Ne5 Nbd7 9. b3 Bb4 10. Bb2 Nxe5 11. dxe5 Ng4 12. a3 Ba5 13. h3 Nh6 14. e3 Bb6 15. Ne2 Bd7 16. Bd4 Nf7 17. c5 Bc7 18. f4 Kh8 19. b4 Nh6 20. Bc3 Qe7 21. Nd4 b6 22. Nb3 g5 23. Qh5 Nf7 24. Nd4 Kg8 25. Nf3 gxf4 26. gxf4 bxc5 27. bxc5 Bd8 28. Bd4 Be8 29. Ng5 Nxg5 30. Qxg5+ Qxg5 31. fxg5 Bxg5 32. Rab1 Bh5 33. Rb7 Be2 34. Rfb1 Ba6 35. Rd7 Bd8 36. Rd6 Rc8 37. Rxe6 Kf7 38. Rh6 Kg7 39. Rd6 1-0

[Event "PPN 2025"]
[Site "?"]
[Date "2025.10.20"]
[Round "1"]
[White "Urban, Marek"]
[Black "Hagel, Mariusz"]
[Result "0-1"]
[WhiteElo "1719"]
[BlackElo "1918"]
[PlyCount "138"]
[SourceVersionDate "2025.10.20"]

1. d4 Nf6 2. c4 g6 3. Nf3 Bg7 4. Nc3 d6 5. e4 O-O 6. Bd3 Nc6 7. Be3 e5 8. dxe5 Nxe5 9. Nxe5 dxe5 10. Bg5 c6 11. O-O Qc7 12. Qc1 Be6 13. Re1 Rad8 14. Be2 Rd7 15. h3 Rc8 16. Be3 Rcd8 17. Qc2 h6 18. Rad1 Kh7 19. Rxd7 Rxd7 20. Rd1 Bf8 21. Rxd7 Nxd7 22. Qd2 Qa5 23. a3 a6 24. Qc1 Qd8 25. Qd2 Qh4 26. Kh2 g5 27. f3 Bc5 28. Bf1 g4 29. fxg4 Bxg4 30. g3 Qh5 31. Bg2 Be6 32. Bxc5 Nxc5 33. b4 Nb3 34. Qd3 Nd4 35. c5 Bxh3 36. Kg1 Bg4 37. Kf2 Qg5 38. Qe3 Qf6+ 39. Kg1 Qe6 40. Qf2 Kg7 41. Kh2 Qb3 42. Qd2 Qxa3 43. Nd1 Bf3 44. Ne3 Qb3 45. Nf5+ Nxf5 46. exf5 Bxg2 47. f6+ Kxf6 48. Qxh6+ Kf5 49. Qh7+ Ke6 50. Qh6+ f6 51. Kxg2 Qc2+ 52. Kg1 Qd1+ 53. Kf2 Qd4+ 54. Kf1 Qxb4 55. Qf8 a5 56. Qd6+ Kf5 57. Kg2 Qe4+ 58. Kh2 Qd5 59. Qf8 e4 60. Qe7 Qd2+ 61. Kh3 Qh6+ 62. Kg2 Qd2+ 63. Kh3 Qg5 64. Qd7+ Ke5 65. Qd6+ Kf5 66. Qd7+ Kg6 67. Qe8+ Kh7 68. Qxe4+ f5 69. Qe7+ Qxe7 0-1

[Event "PPN 2025"]
[Site "?"]
[Date "2025.10.21"]
[Round "2"]
[White "Bobrowski, Piotr"]
[Black "Zminda, Bogdan"]
[Result "0-1"]
[WhiteElo "1804"]
[BlackElo "1908"]
[PlyCount "30"]
[EventDate "2025.??.??"]
[SourceVersionDate "2025.10.21"]

1. c4 Nf6 2. Nc3 g6 3. g3 Bg7 4. Bg2 O-O 5. d4 d6 6. e4 c5 7. d5 e6 8. dxe6 Bxe6 9. Qd3 Nc6 10. Nd5 Bxd5 11. cxd5 Nb4 12. Qb1 c4 13. Ne2 Nd3+ 14. Kf1 Ng4 15. f3 Qb6 0-1

[Event "PPN 2025"]
[Site "?"]
[Date "2025.10.21"]
[Round "2"]
[White "Twarogiel, Tadeusz"]
[Black "Mannke, Manfred"]
[Result "1/2-1/2"]
[WhiteElo "1886"]
[BlackElo "2064"]
[PlyCount "94"]
[EventDate "2025.??.??"]
[SourceVersionDate "2025.10.21"]

1. d4 Nf6 2. Nf3 g6 3. c3 Bg7 4. Bf4 b6 5. Nbd2 Bb7 6. e3 O-O 7. Be2 d6 8. h3 Nbd7 9. O-O Re8 10. Bh2 e5 11. Qb3 e4 12. Ne1 Qe7 13. c4 c5 14. Nc2 Rad8 15. Qa3 a5 16. Qb3 Bc6 17. a4 Rb8 18. Nb1 Nf8 19. Nc3 Rb7 20. d5 Bd7 21. Na3 Rd8 22. Nab5 Ne8 23. Qc2 f5 24. Rae1 Be5 25. Bxe5 Qxe5 26. f3 exf3 27. Bxf3 Nf6 28. e4 f4 29. Qf2 g5 30. Bd1 Kg7 31. Na3 Ng6 32. Nab1 h5 33. Nd2 g4 34. Ne2 Rf8 35. Nxf4 Qxb2 36. Nxg6 Kxg6 37. e5 dxe5 38. Qe3 Qd4 39. Bc2+ Kg7 40. Kh2 Qxe3 41. Rxe3 h4 42. Rxe5 g3+ 43. Kg1 Be8 44. Nf3 Rh8 45. Rg5+ Kh6 46. Rf5 Kg7 47. Rg5+ Kh6 1/2-1/2

[Event "PPN 2025"]
[Site "?"]
[Date "2025.10.21"]
[Round "2"]
[White "Piotrowski, Arkadiusz"]
[Black "Zelajtys, Jozef"]
[Result "1-0"]
[WhiteElo "1904"]
[BlackElo "1772"]
[PlyCount "48"]
[EventDate "2025.??.??"]
[SourceVersionDate "2025.10.21"]

1. d4 d5 2. c4 c6 3. Nf3 Nf6 4. g3 Nbd7 5. Bg2 Qc7 6. O-O dxc4 7. Qc2 e5 8. Qxc4 exd4 9. Nxd4 Nb6 10. Qc2 Bd7 11. Bf4 Qc8 12. Nc3 Be7 13. Rfd1 O-O 14. Rac1 Re8 15. Qb1 Nh5 16. Bd2 Nc4 17. Be1 Nf6 18. Ne4 Ne5 19. Nb5 Bf5 20. Nxf6+ Bxf6 21. Qa1 Rd8 22. Nd4 Be6 23. Ba5 Rd7 24. Nxe6 fxe6 1-0

[Event "PPN 2025"]
[Site "?"]
[Date "2025.10.21"]
[Round "2"]
[White "Jasnikowski, Zbigniew"]
[Black "Murawski, Eugeniusz"]
[Result "1/2-1/2"]
[WhiteElo "2227"]
[BlackElo "1842"]
[PlyCount "78"]
[EventDate "2025.??.??"]
[SourceVersionDate "2025.10.21"]

1. d4 Nf6 2. Nf3 d5 3. c4 e6 4. g3 c6 5. Nbd2 Nbd7 6. Bg2 Bd6 7. O-O O-O 8. Qc2 Re8 9. b3 b6 10. e4 dxe4 11. Nxe4 Nxe4 12. Qxe4 Bb7 13. Ne5 Qc7 14. Bb2 Nf6 15. Qe2 c5 16. dxc5 Bxc5 17. Rad1 Rad8 18. Ng4 Nxg4 19. Qxg4 Bf8 20. h3 Bxg2 21. Kxg2 Qc6+ 22. Qf3 Qxf3+ 23. Kxf3 Bc5 24. Ke2 f6 25. f3 Kf7 26. Bc3 a5 27. Rxd8 Rxd8 28. Rd1 Rxd1 29. Kxd1 h5 30. g4 Kg6 31. Bd2 e5 32. Ke2 f5 33. gxf5+ Kxf5 34. Kd3 h4 35. Bc1 Be7 36. Be3 Bc5 37. Bd2 g6 38. Bc1 Bd4 39. Bd2 Bc5 1/2-1/2

[Event "PPN 2025"]
[Site "?"]
[Date "2025.10.21"]
[Round "2"]
[White "Hagel, Mariusz"]
[Black "Kulpinski, Piotr"]
[Result "0-1"]
[WhiteElo "1918"]
[BlackElo "1813"]
[PlyCount "45"]
[EventDate "2025.??.??"]
[SourceVersionDate "2025.10.21"]

1. e4 c5 2. f4 d5 3. e5 Bf5 4. Nf3 Nc6 5. c3 e6 6. d3 Nh6 7. Be2 Be7 8. O-O O-O 9. h3 Bg6 10. g4 f6 11. exf6 gxf6 12. f5 Nxf5 13. gxf5 Bxf5 14. Qe1 Kh8 15. Rf2 Qc7 16. Nh4 Qg3+ 17. Ng2 Rg8 18. Bg4 Bd6 19. Bxf5 exf5 20. Kf1 Qxh3 21. Nd2 Rae8 22. Ne4 dxe4 23. Bf4 0-1

[Event "PPN 2025"]
[Site "?"]
[Date "2025.10.22"]
[Round "3"]
[White "Mannke, Manfred"]
[Black "Siewert, Roman"]
[Result "1/2-1/2"]
[WhiteElo "2064"]
[BlackElo "1865"]
[PlyCount "58"]
[EventDate "2025.??.??"]
[SourceVersionDate "2025.10.22"]

1. d4 Nf6 2. c4 g6 3. Nc3 Bg7 4. e4 O-O 5. Be2 d6 6. Nf3 e5 7. O-O Nc6 8. d5 Ne7 9. b4 a5 10. bxa5 Rxa5 11. a4 b6 12. Ba3 Ne8 13. Bb4 Ra8 14. a5 bxa5 15. Rxa5 Rb8 16. Nb5 f5 17. Nd2 fxe4 18. Nxe4 Bf5 19. Bd3 c6 20. dxc6 Nxc6 21. Ra4 Nxb4 22. Rxb4 Kh8 23. Qb3 Be6 24. Nbxd6 Nxd6 25. Rxb8 Qxb8 26. Qxb8 Rxb8 27. Nxd6 Rd8 28. c5 Bf8 29. Bc4 Bxd6 1/2-1/2

[Event "PPN 2025"]
[Site "?"]
[Date "2025.10.22"]
[Round "3"]
[White "Kulpinski, Piotr"]
[Black "Piotrowski, Arkadiusz"]
[Result "1/2-1/2"]
[WhiteElo "1813"]
[BlackElo "1904"]
[PlyCount "24"]
[EventDate "2025.??.??"]
[SourceVersionDate "2025.10.22"]

1. d4 c6 2. Nf3 d5 3. Bf4 Nf6 4. e3 Bf5 5. c4 Bxb1 6. Qxb1 e5 7. Nxe5 Bb4+ 8. Kd1 O-O 9. a3 Be7 10. c5 b6 11. b4 Ne4 12. Bg3 Nc3+ 1/2-1/2

[Event "PPN 2025"]
[Site "?"]
[Date "2025.10.22"]
[Round "3"]
[White "Uzialko, Marek"]
[Black "Nowak, Malgorzata"]
[Result "1-0"]
[WhiteElo "1895"]
[BlackElo "1492"]
[PlyCount "65"]
[EventDate "2025.??.??"]
[SourceVersionDate "2025.10.22"]

1. e4 c6 2. f4 d5 3. e5 h5 4. Be2 Bf5 5. Bxh5 e6 6. Bf3 Bc5 7. d4 Bb6 8. Ne2 Qh4+ 9. g3 Qh7 10. Na3 Nd7 11. Be3 Qh3 12. Qd2 Bg4 13. Ng1 Qh5 14. Qe2 Bxf3 15. Nxf3 Ne7 16. O-O-O O-O-O 17. h3 f6 18. g4 Qf7 19. Rdf1 Ng6 20. Qe1 Qe7 21. f5 Ngf8 22. c3 c5 23. Nc2 Kb8 24. Bf4 Bc7 25. Kb1 Qf7 26. Qe3 c4 27. Re1 Nb6 28. exf6 gxf6 29. fxe6 Qe7 30. Bxc7+ Kxc7 31. g5 Rd6 32. Qf4 fxg5 33. Nxg5 1-0

[Event "PPN 2025"]
[Site "?"]
[Date "2025.10.23"]
[Round "4"]
[White "Murawski, Eugeniusz"]
[Black "Mannke, Manfred"]
[Result "0-1"]
[WhiteElo "1842"]
[BlackElo "2064"]
[PlyCount "100"]
[EventDate "2025.??.??"]
[SourceVersionDate "2025.10.23"]

1. e4 c5 2. Nf3 e6 3. d4 cxd4 4. Nxd4 Nf6 5. Nc3 d6 6. Be2 Be7 7. O-O O-O 8. Be3 Nc6 9. f3 Qc7 10. Qd2 a6 11. a4 Ne5 12. Nb3 b6 13. Qd4 Rb8 14. Kh1 Nc6 15. Qd2 Bb7 16. Bd3 Nd7 17. Qe2 Nb4 18. Rfc1 Rfe8 19. Nd1 Ne5 20. Nf2 d5 21. f4 dxe4 22. Nxe4 Nexd3 23. cxd3 Qd7 24. Rd1 Bd5 25. Nd4 Qb7 26. Nc3 Bc5 27. Qf2 Rbd8 28. Nce2 e5 29. Nf5 Bxe3 30. Nxe3 Bb3 31. d4 Bxd1 32. Rxd1 exd4 33. Rxd4 Rxd4 34. Nxd4 Qe4 35. Ndf5 Qb1+ 36. Qf1 Qxf1+ 37. Nxf1 Re1 38. Kg1 Nd3 39. g3 Nxb2 40. N5e3 Nxa4 41. Kf2 Rc1 42. Ke2 b5 43. Kd2 Rc8 44. Nc2 Nb6 45. Kc1 a5 46. Kb2 b4 47. Nd4 a4 48. f5 Nc4+ 49. Kc2 b3+ 50. Kb1 Rd8 0-1

[Event "PPN 2025"]
[Site "?"]
[Date "2025.10.23"]
[Round "4"]
[White "Kawula, Andrzej"]
[Black "Uzialko, Marek"]
[Result "1-0"]
[WhiteElo "1893"]
[BlackElo "1895"]
[PlyCount "81"]
[EventDate "2025.??.??"]
[SourceVersionDate "2025.10.23"]

1. c4 e5 2. Nc3 f5 3. g3 Nf6 4. Bg2 c6 5. d4 e4 6. e3 Bb4 7. Bd2 d6 8. Nxe4 Bxd2+ 9. Nxd2 O-O 10. Ne2 Be6 11. Nf4 Bf7 12. Qc2 Qd7 13. O-O g5 14. Nd3 Bg6 15. c5 f4 16. Qb3+ Bf7 17. Qa3 fxe3 18. fxe3 Nd5 19. Rae1 Re8 20. e4 Nc7 21. cxd6 Nb5 22. Qc5 Qxd6 23. Qxg5+ Qg6 24. Qxg6+ hxg6 25. Ne5 Bxa2 26. Ndf3 Nxd4 27. Nxg6 Nxf3+ 28. Rxf3 Bf7 29. Nf4 Nd7 30. Nd3 Re7 31. Rf5 Bg6 32. Rg5 Kh7 33. Nf4 Nf8 34. e5 Kh6 35. h4 Rae8 36. Bh3 Rg7 37. Kf2 Ree7 38. e6 Nh7 39. Rc5 Nf6 40. g4 Ne4+ 41. Rxe4 1-0

[Event "PPN 2025"]
[Site "?"]
[Date "2025.10.23"]
[Round "4"]
[White "Jasnikowski, Zbigniew"]
[Black "Wojcik, Wieslaw"]
[Result "1-0"]
[WhiteElo "2227"]
[BlackElo "1888"]
[PlyCount "70"]
[EventDate "2025.??.??"]
[SourceVersionDate "2025.10.23"]

1. d4 Nf6 2. Nf3 g6 3. c4 Bg7 4. g3 O-O 5. Bg2 d6 6. Nc3 c6 7. O-O Qc7 8. e4 e5 9. h3 Re8 10. Be3 Be6 11. b3 h6 12. Rc1 Na6 13. Qd2 Kh7 14. Rfd1 b6 15. d5 cxd5 16. Nxd5 Bxd5 17. cxd5 Qb7 18. Qd3 Nc5 19. Bxc5 bxc5 20. Nd2 a5 21. Nc4 Bf8 22. a4 Nh5 23. Rf1 Qe7 24. Rce1 Ra7 25. Kh1 Qg5 26. Bf3 Ng7 27. h4 Qd8 28. Kg2 f5 29. h5 Nxh5 30. Bxh5 gxh5 31. exf5 Qg5 32. f4 Qf6 33. fxe5 dxe5 34. Nd2 Kh8 35. Ne4 Qf7 1-0

[Event "PPN 2025"]
[Site "?"]
[Date "2025.10.24"]
[Round "5"]
[White "Wojcik, Wieslaw"]
[Black "Hagel, Mariusz"]
[Result "1-0"]
[WhiteElo "1888"]
[BlackElo "1918"]
[PlyCount "38"]
[EventDate "2025.??.??"]
[SourceVersionDate "2025.10.24"]

1. d4 d5 2. Nf3 Nf6 3. c4 g6 4. Nc3 Bg7 5. cxd5 Nxd5 6. e4 Nxc3 7. bxc3 O-O 8. Be2 c5 9. O-O Nc6 10. Be3 cxd4 11. cxd4 Bg4 12. Rb1 Bxf3 13. Bxf3 Nxd4 14. Rxb7 Nxf3+ 15. Qxf3 Qa5 16. Rxe7 Qxa2 17. e5 Rfe8 18. e6 Rxe7 19. Qxa8+ Bf8 1-0

[Event "PPN 2025"]
[Site "?"]
[Date "2025.10.24"]
[Round "5"]
[White "Mannke, Manfred"]
[Black "Bobrowski, Piotr"]
[Result "1-0"]
[WhiteElo "2064"]
[BlackElo "1804"]
[PlyCount "57"]
[EventDate "2025.??.??"]
[SourceVersionDate "2025.10.24"]

1. d4 d5 2. c4 Nf6 3. cxd5 Nxd5 4. e4 Nf6 5. Nc3 e6 6. Nf3 Be7 7. Bd3 c6 8. O-O b6 9. Qe2 Nbd7 10. Rd1 Bb7 11. Bg5 O-O 12. e5 Nd5 13. Qe4 g6 14. Qh4 Re8 15. Ne4 h5 16. Nd6 Rb8 17. Nxe8 Qxe8 18. Bxe7 Nxe7 19. Be4 Kg7 20. Rac1 Nd5 21. Ng5 Qe7 22. f4 c5 23. Qf2 f6 24. exf6+ Qxf6 25. g3 Rc8 26. Bg2 Re8 27. Ne4 Qe7 28. dxc5 e5 29. Nd6 1-0

[Event "PPN 2025"]
[Site "?"]
[Date "2025.10.25"]
[Round "6"]
[White "Siewert, Roman"]
[Black "Zminda, Bogdan"]
[Result "0-1"]
[WhiteElo "1865"]
[BlackElo "1908"]
[PlyCount "68"]
[EventDate "2025.??.??"]
[SourceVersionDate "2025.10.25"]

1. e4 c5 2. Nf3 Nc6 3. Bb5 e6 4. O-O Nge7 5. Re1 a6 6. Bf1 d5 7. exd5 Nxd5 8. d4 Ndb4 9. c3 cxd4 10. Nxd4 Nxd4 11. cxd4 Bd6 12. Nc3 O-O 13. a3 Nc6 14. Be3 Ne7 15. Rc1 b5 16. Ne4 Bb7 17. Bd3 Nf5 18. Qg4 Nxe3 19. Rxe3 f5 20. Qh3 fxe4 21. Qxe6+ Kh8 22. Bxe4 Rc8 23. Rce1 Bxe4 24. Qxe4 Qf6 25. Rf3 Qg6 26. Rxf8+ Rxf8 27. Qxg6 hxg6 28. g3 Kg8 29. Re6 Rf6 30. Re8+ Kf7 31. Ra8 Be7 32. Kf1 Rd6 33. b4 Ke6 34. d5+ Kxd5 0-1

[Event "PPN 2025"]
[Site "?"]
[Date "2025.10.25"]
[Round "6"]
[White "Jasnikowski, Zbigniew"]
[Black "Uzialko, Marek"]
[Result "1-0"]
[WhiteElo "2227"]
[BlackElo "1895"]
[PlyCount "65"]
[EventDate "2025.??.??"]
[SourceVersionDate "2025.10.25"]

1. d4 d6 2. Nf3 Nf6 3. c4 c5 4. Nc3 Nbd7 5. d5 Nb6 6. e4 e5 7. dxe6 Bxe6 8. Bd3 Be7 9. b3 O-O 10. O-O Nbd7 11. h3 Ne5 12. Nxe5 dxe5 13. Nd5 Bxd5 14. cxd5 h6 15. g3 Qd7 16. Kh2 Ne8 17. Qg4 Qxg4 18. hxg4 Nd6 19. Be3 b6 20. Rac1 Rac8 21. Kg2 a5 22. a4 Rc7 23. Rh1 Rfc8 24. f4 f6 25. Rh5 c4 26. bxc4 Nxc4 27. Rxc4 Rxc4 28. Bxc4 Rxc4 29. fxe5 Rxe4 30. Kf3 Rxe5 31. Rxe5 fxe5 32. Bxb6 Bb4 33. Bc7 1-0

[Event "PPN 2025"]
[Site "?"]
[Date "2025.10.25"]
[Round "6"]
[White "Wojcik, Wieslaw"]
[Black "Kawula, Andrzej"]
[Result "1/2-1/2"]
[WhiteElo "1888"]
[BlackElo "1893"]
[PlyCount "55"]
[EventDate "2025.??.??"]
[SourceVersionDate "2025.10.25"]

1. d4 d5 2. c4 e6 3. Nc3 f5 4. Nf3 Nf6 5. Bf4 c6 6. e3 Be7 7. Bd3 O-O 8. O-O Ne4 9. Ne5 g5 10. Bg3 Nd7 11. Nxd7 Bxd7 12. Be5 Bf6 13. Bxf6 Nxf6 14. f3 Qe7 15. Qd2 Qg7 16. e4 dxe4 17. fxe4 Ng4 18. Be2 Nf6 19. e5 Ne8 20. Qe3 Nc7 21. Rad1 Rad8 22. Rd2 Be8 23. Bf3 f4 24. Qe2 Bg6 25. Be4 Bf5 26. Bxf5 exf5 27. d5 Rfe8 28. e6 1/2-1/2

[Event "PPN 2025"]
[Site "?"]
[Date "2025.10.25"]
[Round "6"]
[White "Piotrowski, Arkadiusz"]
[Black "Mannke, Manfred"]
[Result "1/2-1/2"]
[WhiteElo "1904"]
[BlackElo "2064"]
[PlyCount "193"]
[SourceVersionDate "2025.10.25"]

1. d4 d5 2. c4 e6 3. Nf3 Nf6 4. g3 c6 5. Bg2 Bd6 6. O-O O-O 7. b3 Qe7 8. Bb2 Nbd7 9. Nbd2 Re8 10. Ne5 c5 11. Nxd7 Bxd7 12. e4 cxd4 13. exd5 e5 14. Re1 Qf8 15. a3 a5 16. a4 Bb4 17. Rf1 Qc5 18. Ne4 Nxe4 19. Bxe4 f5 20. Bg2 Qb6 21. Rb1 Bc5 22. Bc1 e4 23. Bf4 h6 24. h4 Re7 25. Bh3 Rae8 26. Kh2 Qf6 27. Bc1 d3 28. Be3 b6 29. Qc1 Rc8 30. Qb2 Rf7 31. Qxf6 Rxf6 32. Rbd1 Be8 33. Rd2 Bb4 34. Ra2 Bh5 35. Rg1 Bc5 36. g4 fxg4 37. Bxg4 Bxg4 38. Rxg4 Re8 39. Bxc5 bxc5 40. Kg1 h5 41. Rg5 g6 42. Rd2 Kf7 43. Kg2 Rf5 44. Rg3 Kf6 45. Re3 Rf4 46. f3 Rb8 47. fxe4 Ke5 48. Rdxd3 Rxh4 49. Rg3 Kxe4 50. Rge3+ Kf5 51. Rf3+ Rf4 52. Rxf4+ Kxf4 53. d6 g5 54. d7 Rd8 55. Rd5 Kg4 56. Kh2 Kh4 57. Kg2 Kg4 58. Rd3 Kf5 59. Rd5+ Kg4 60. Rd1 Kf5 61. b4 Ke6 62. bxc5 Rxd7 63. Rb1 Rd2+ 64. Kg3 Rc2 65. Re1+ Kf5 66. Rf1+ Kg6 67. Rd1 Rc3+ 68. Kg2 Rxc4 69. Rd6+ Kf5 70. c6 Ke5 71. Rg6 Kf5 72. Rd6 Kg4 73. Kf2 Kh3 74. Rd5 Kg4 75. Rd6 h4 76. Ke3 Kg3 77. Kd3 Rc1 78. Kd2 Rc5 79. Rd3+ Kg2 80. Rc3 Rd5+ 81. Ke3 Re5+ 82. Kd4 Re8 83. c7 Rc8 84. Rc2+ Kf3 85. Ke5 h3 86. Rc3+ Kg4 87. Rc4+ Kg3 88. Rc3+ Kh4 89. Rc6 h2 90. Kf5 Rf8+ 91. Ke5 g4 92. c8=Q Rxc8 93. Rxc8 Kg3 94. Rh8 Kg2 95. Kf4 g3 96. Rh5 Kf2 97. Rh7 1/2-1/2

[Event "PPN 2025"]
[Site "?"]
[Date "2025.10.26"]
[Round "7"]
[White "Kawula, Andrzej"]
[Black "Jasnikowski, Zbigniew"]
[Result "0-1"]
[WhiteElo "1893"]
[BlackElo "2227"]
[PlyCount "70"]
[EventDate "2025.??.??"]
[SourceVersionDate "2025.10.26"]

1. c4 e5 2. Nc3 Nf6 3. g3 c6 4. d4 exd4 5. Qxd4 d5 6. Bg5 Be7 7. cxd5 cxd5 8. e3 Nc6 9. Qd1 Qa5 10. Bg2 d4 11. Bxf6 Bxf6 12. exd4 Nxd4 13. Nge2 Bg4 14. O-O Rd8 15. Qc1 Nxe2+ 16. Nxe2 O-O 17. Nc3 b6 18. Ne4 Bd4 19. Qf4 Qf5 20. Qxf5 Bxf5 21. Nc3 Bxc3 22. bxc3 Rc8 23. Rfe1 Be6 24. Re3 Rc5 25. a4 Rfc8 26. Ra3 g5 27. Be4 Rd8 28. f4 h6 29. fxg5 hxg5 30. Kf2 Kg7 31. Rd3 Rh8 32. Kg1 Re5 33. Rd4 Bh3 34. c4 Rhe8 35. g4 Rxe4 0-1

[Event "PPN 2025"]
[Site "?"]
[Date "2025.10.26"]
[Round "7"]
[White "Mannke, Manfred"]
[Black "Zminda, Bogdan"]
[Result "1/2-1/2"]
[WhiteElo "2064"]
[BlackElo "1908"]
[PlyCount "70"]
[EventDate "2025.??.??"]
[SourceVersionDate "2025.10.26"]

1. d4 Nf6 2. c4 c5 3. d5 d6 4. Nc3 g6 5. e4 Bg7 6. Bd3 e6 7. h3 exd5 8. cxd5 O-O 9. Nf3 Re8 10. O-O c4 11. Bxc4 Nxe4 12. Nxe4 Rxe4 13. Bd3 Re8 14. Bg5 f6 15. Bf4 f5 16. Ng5 Bxb2 17. Ne6 Bxe6 18. dxe6 Be5 19. Bc4 Qc7 20. Bxe5 dxe5 21. Rc1 Nc6 22. Qd7 Re7 23. Qd2 Rd8 24. Qh6 e4 25. f3 exf3 26. Rxf3 Ne5 27. Rfc3 Nxc4 28. Rxc4 Qb6+ 29. Kh1 Qxe6 30. a4 Rf8 31. Qh4 Qe3 32. Rc8 Rxc8 33. Rxc8+ Kg7 34. Qc4 f4 35. Rc7 Qe1+ 1/2-1/2

[Event "PPN 2025"]
[Site "?"]
[Date "2025.10.26"]
[Round "7"]
[White "Mierzynski, Jaroslaw"]
[Black "Piotrowski, Arkadiusz"]
[Result "1/2-1/2"]
[WhiteElo "1971"]
[BlackElo "1904"]
[PlyCount "32"]
[EventDate "2025.??.??"]
[SourceVersionDate "2025.10.26"]

1. d4 c6 2. Nf3 d5 3. e3 Nf6 4. Bd3 Bg4 5. Nbd2 Nbd7 6. Be2 e6 7. O-O Bd6 8. b3 b5 9. Bb2 O-O 10. Ne5 Bxe2 11. Qxe2 Qc7 12. f4 Ne8 13. e4 f5 14. exf5 exf5 15. Ndf3 Nef6 16. Bc3 Nb8 1/2-1/2

[Event "PPN 2025"]
[Site "?"]
[Date "2025.10.26"]
[Round "7"]
[White "Twarogiel, Tadeusz"]
[Black "Wojcik, Wieslaw"]
[Result "1/2-1/2"]
[WhiteElo "1886"]
[BlackElo "1888"]
[PlyCount "23"]
[EventDate "2025.??.??"]
[SourceVersionDate "2025.10.26"]

1. d4 Nf6 2. Nf3 g6 3. c4 Bg7 4. Nc3 d6 5. e4 O-O 6. h3 e5 7. dxe5 dxe5 8. Qxd8 Rxd8 9. Bg5 Be6 10. Nd5 Bxd5 11. cxd5 c6 12. Bc4 1/2-1/2

[Event "PPN 2025"]
[Site "?"]
[Date "2025.10.26"]
[Round "7"]
[White "Pojedziniec, Wladyslaw"]
[Black "Graczykowski, Wojciech"]
[Result "1-0"]
[WhiteElo "1945"]
[BlackElo "1654"]
[PlyCount "60"]
[EventDate "2025.??.??"]
[SourceVersionDate "2025.10.26"]

1. d4 f6 2. e4 c6 3. Bd3 d6 4. f4 e6 5. Nf3 Na6 6. Nc3 Nc7 7. O-O Nh6 8. Re1 Nf7 9. Be3 Be7 10. h3 O-O 11. g4 Bd7 12. Qd2 Ne8 13. Rad1 Qc7 14. Qg2 g6 15. Ne2 Ng7 16. c3 Rae8 17. Ng3 d5 18. e5 f5 19. Kh1 Nh8 20. Rc1 Qd8 21. Ng5 h6 22. Nf3 Bh4 23. Bf2 Bxg3 24. Bxg3 Kf7 25. Bh4 Qc7 26. Bf6 a6 27. a3 Qc8 28. Kh2 c5 29. Re2 c4 30. Bb1 Qc7 1-0

[Event "Puchar Polski Niepelnosprawnych w szacha"]
[Site "Szklarska Poreba"]
[Date "2025.10.27"]
[Round "8.3"]
[White "Piotrowski, Arkadiusz"]
[Black "Uzialko, Marek"]
[Result "1-0"]
[WhiteElo "1904"]
[BlackElo "1895"]
[PlyCount "71"]
[EventDate "2025.??.??"]

1. d4 e6 2. c4 d5 3. Nf3 Nf6 4. g3 c6 5. Bg2 Bd6 6. O-O O-O 7. b3 Nbd7 8. Bb2 Ne4 9. e3 b6 10. Ne5 Bb7 11. Nd2 f5 12. f3 Nxd2 13. Qxd2 Bxe5 14. dxe5 Qc7 15. cxd5 exd5 16. f4 Rfe8 17. Ba3 b5 18. Bd6 Qc8 19. Rfc1 Nb6 20. Qd4 Qd7 21. Bc5 Nc8 22. e4 fxe4 23. Bxe4 Ne7 24. Bg2 h5 25. a3 Nf5 26. Qd3 Qf7 27. Re1 a5 28. b4 Rad8 29. Bh3 g6 30. g4 Nh4 31. Qg3 g5 32. f5 d4 33. e6 Qf6 34. e7 Rd7 35. Re6 Qf7 36. Bf1 1-0

[Event "Puchar Polski Niepelnosprawnych w szacha"]
[Site "Szklarska Poreba"]
[Date "2025.10.27"]
[Round "8.4"]
[White "Wojcik, Wieslaw"]
[Black "Mierzynski, Jaroslaw"]
[Result "1-0"]
[WhiteElo "1888"]
[BlackElo "1971"]
[PlyCount "77"]
[EventDate "2025.??.??"]

1. d4 d5 2. c4 e6 3. Nc3 Bb4 4. Nf3 Nf6 5. Bg5 h6 6. Bf4 O-O 7. e3 c5 8. a3 Bxc3+ 9. bxc3 Qa5 10. Qc2 cxd4 11. exd4 Ne4 12. Bd3 Qxc3+ 13. Qxc3 Nxc3 14. O-O Nc6 15. c5 g5 16. Be3 f5 17. Rac1 Ne4 18. Ne5 f4 19. f3 Nxe5 20. dxe5 fxe3 21. fxe4 Bd7 22. Rfe1 Rac8 23. exd5 exd5 24. Rxe3 Be6 25. Bb5 a6 26. Be2 Rc6 27. Rb3 Rf7 28. Rb6 Rfc7 29. Rxc6 Rxc6 30. Kf2 Rc7 31. Ke3 Bd7 32. Kd4 Bc6 33. e6 Rc8 34. Ke5 d4 35. g3 Rd8 36. e7 Rc8 37. Bg4 Re8 38. Kf6 Rb8 39. Rd1 1-0

[Event "Puchar Polski Niepelnosprawnych w szacha"]
[Site "Szklarska Poreba"]
[Date "2025.10.28"]
[Round "9.3"]
[White "Pietrucha, Jaroslaw"]
[Black "Zminda, Bogdan"]
[Result "1-0"]
[WhiteElo "1836"]
[BlackElo "1908"]
[PlyCount "63"]
[EventDate "2025.??.??"]

1. e4 c5 2. Nf3 Nc6 3. Bb5 g6 4. O-O Bg7 5. c3 a6 6. Bxc6 dxc6 7. d4 cxd4 8. cxd4 Nf6 9. Qc2 O-O 10. h3 Qa5 11. Bf4 Qh5 12. Nbd2 h6 13. Be5 g5 14. Bxf6 exf6 15. Qc5 Qg6 16. Rfe1 h5 17. Nc4 Be6 18. Nd6 Rab8 19. d5 Bd7 20. Nd4 cxd5 21. N6f5 Kh7 22. Qxd5 Rfd8 23. Qb3 Bf8 24. Rac1 Bc6 25. Qb6 g4 26. h4 g3 27. fxg3 Bd7 28. Rc7 Rbc8 29. Rec1 Bh6 30. Rxc8 Rxc8 31. Rxc8 Bxc8 32. Kh2 1-0